[Event "LVIII C.to Italiano"]
[Site "Saint Vincent ITA"]
[Date "1998.11.29"]
[Round "9"]
[White "Godena, Michele"]
[Black "Genocchio, Daniele"]
[Result "1-0"]
[WhiteElo "2510"]
[BlackElo "2195"]
[PlyCount "71"]
[EventDate "1998.11.21"]

1. e4 c5 2. c3 d5 3. exd5 Qxd5 4. d4 Nf6 5. Nf3 Bg4 6. dxc5 Qxd1+ 7. Kxd1 e5 8.
b4 e4 9. h3 Bh5 10. g4 Nxg4 11. hxg4 Bxg4 12. Nbd2 exf3 13. Bd3 Nc6 14. Re1+
Be7 15. Be4 Rd8 16. Kc2 Ne5 17. Nb3 O-O 18. Bf4 Nc4 19. Nd4 Bh4 20. Rh1 g5 21.
Rxh4 gxh4 22. Bxb7 Rfe8 23. Rg1 h5 24. Bxf3 f5 25. Bc6 Rxd4 26. cxd4 Re2+ 27.
Kc3 Rxf2 28. Bc1 h3 29. Kxc4 h2 30. Rh1 h4 31. b5 Kg7 32. Be3 Be2+ 33. Kc3 Rf1
34. Rxh2 Bf3 35. Rxh4 a6 36. a4 1-0